000 00461nam a2200181 a 4500
001 15699
005 20180713204436.0
008 140415s1991 000 0 spa d
020 _a8486639522
041 _aspa
082 _a530
_bPOV
100 1 _aPOVEDA, ARCADIO
245 1 0 _aMATERIA OSCURA EN EL UNIVERSO
260 _a[s.l.] :
_bCONACYT,
_c1991
300 _a122
650 1 4 _aANTIMATERIA
700 1 _aHERRERA, MIGUEL ANGEL
_ecoaut.
999 _c15699
_d15699